Jesus the Messiah : (Record no. 1927)
[ view plain ]
| 000 -LEADER | |
|---|---|
| fixed length control field | 01804cam a2200301 i 4500 |
| 001 - CONTROL NUMBER | |
| control field | 483425 |
| 003 - CONTROL NUMBER IDENTIFIER | |
| control field | OCoLC |
| 005 - DATE AND TIME OF LATEST TRANSACTION | |
| control field | 20180921184534.0 |
| 008 - FIXED-LENGTH DATA ELEMENTS--GENERAL INFORMATION | |
| fixed length control field | 720929s1972 miua 001 0beng |
| 010 ## - LIBRARY OF CONGRESS CONTROL NUMBER | |
| LC control number | 74189588 |
| 020 ## - INTERNATIONAL STANDARD BOOK NUMBER | |
| International Standard Book Number | 9780310254317 |
| 035 ## - SYSTEM CONTROL NUMBER | |
| System control number | (OCoLC)483425 |
| 040 ## - CATALOGING SOURCE | |
| Original cataloging agency | DLC |
| Language of cataloging | eng |
| Transcribing agency | DLC |
| Modifying agency | BAKER |
| -- | HNW |
| -- | WY@ |
| -- | OCLCQ |
| -- | OCLCO |
| -- | CIRBC |
| -- | CFT |
| -- | OCLCQ |
| -- | OCLCF |
| 050 04 - LIBRARY OF CONGRESS CALL NUMBER | |
| Classification number | BT301.2 |
| Item number | .G86 1972 |
| 082 00 - DEWEY DECIMAL CLASSIFICATION NUMBER | |
| Classification number | 232 |
| Item number | G9841J |
| 100 1# - MAIN ENTRY--PERSONAL NAME | |
| Personal name | Guthrie, Donald, |
| Dates associated with a name | 1916-1992 |
| 245 10 - TITLE STATEMENT | |
| Title | Jesus the Messiah : |
| Remainder of title | an illustrated life of Christ / |
| Statement of responsibility, etc. | Donald Guthrie |
| 260 ## - PUBLICATION, DISTRIBUTION, ETC. | |
| Place of publication, distribution, etc. | Grand Rapids : |
| Name of publisher, distributor, etc. | Zondervan Pub. House, |
| Date of publication, distribution, etc. | ©1972 |
| 300 ## - PHYSICAL DESCRIPTION | |
| Extent | 386 pages : |
| Other physical details | illustrations ; |
| Dimensions | 25 cm |
| 336 ## - CONTENT TYPE | |
| Content type term | text |
| Content type code | txt |
| Source | rdacontent |
| 337 ## - MEDIA TYPE | |
| Media type term | unmediated |
| Media type code | n |
| Source | rdamedia |
| 338 ## - CARRIER TYPE | |
| Carrier type term | volume |
| Carrier type code | nc |
| Source | rdacarrier |
| 505 0# - FORMATTED CONTENTS NOTE | |
| Formatted contents note | Announcements and a herald's birth -- The Messiah's birth and its immediate consequences -- At home and in the wilderness -- The first events in Judea and Cana -- Settling in Capernaum -- Teaching and touring -- Jesus and a cross section of people -- Miracles and men -- Comments and clashes -- Parables, opinions, and traditions -- Miracles again -- Testimony and transfiguration -- Quests and queries -- Service -- More teaching and healing -- Duty, gratitude, and prayer -- Teaching from events -- Death, divorce, and generosity -- Jericho, Bethany, and Jerusalem -- Parables and questionings -- Judgments and forebodings -- The upper room -- The Passover and the plot -- The trial and judgment of Jesus -- From Golgotha to the empty tomb -- The risen Lord |
| 600 00 - SUBJECT ADDED ENTRY--PERSONAL NAME | |
| Personal name | Jesus Christ |
| Form subdivision | Biography |
| 655 #7 - INDEX TERM--GENRE/FORM | |
| Genre/form data or focus term | Biography. |
| Source of term | fast |
| Authority record control number or standard number | (OCoLC)fst01423686 |
| 776 08 - ADDITIONAL PHYSICAL FORM ENTRY | |
| Relationship information | Online version: |
| Main entry heading | Guthrie, Donald, 1916-1992. |
| Title | Jesus the Messiah. |
| Place, publisher, and date of publication | Grand Rapids : Zondervan Pub. House, ©1972 |
| Record control number | (OCoLC)894774229 |
| 942 ## - ADDED ENTRY ELEMENTS (KOHA) | |
| Source of classification or shelving scheme | Dewey Decimal Classification |
| Koha item type | Books |
| Withdrawn status | Lost status | Source of classification or shelving scheme | Damaged status | Not for loan | Collection code | Home library | Current library | Shelving location | Date acquired | Total Checkouts | Full call number | Barcode | Date last seen | Price effective from | Koha item type |
|---|---|---|---|---|---|---|---|---|---|---|---|---|---|---|---|
| Dewey Decimal Classification | Non-fiction | Harvest Mission College | Harvest Mission College | General Stacks | 21.09.2018 | 232 G9841J | 001598 | 21.09.2018 | 21.09.2018 | Books |
